[Event "Portugal Open 2020"]
[Site "Lisbon"]
[Date "2020.01.26"]
[Round "3.29"]
[White "Moretti, Filippo"]
[Black "Corbalan Gomez, Juan Jose"]
[Result "1/2-1/2"]
[WhiteElo "1969"]
[BlackElo "2243"]
[Annotator "TA"]
[PlyCount "145"]
[EventDate "2020.01.25"]
[EventType "swiss"]
[EventCountry "POR"]
[SourceTitle "playchess.com"]
[Source "ChessBase"]
[SourceQuality "1"]

{[%evp 22,145,0,0,0,0,4,0,11,-18,-18,-18,-10,-10,-8,-13,0,-62,0,0,0,0,0,0,2,10,8,0,0,0,25,0,0,0,24,0,0,0,0,-8,0,0,0,0,20,20,187,173,187,187,217,217,226,226,242,242,265,265,265,265,265,265,265,265,265,265,265,265,265,187,187,187,187,187,187,187,202,202,210,217,225,232,243,256,256,297,287,187,240,241,248,187,187,187,317,187,187,187,194,0,194,0,320,202,208,209,320,320,320,320,320,135,143,0,0,0,0,0,0,0,0,0,0,0,0,0]} 1. e4 c5 2. c3 Nf6 3. e5 Nd5 4. d4 cxd4 5. Nf3 Nc6 6. cxd4 d6 7. Bc4 Nb6 8. Bb5 dxe5 9. Nxe5 Bd7 10. Nxd7 Qxd7 11. Nc3 e6 12. O-O a6 {B22: Sicilian: 2 c3} (12... Be7 13. Qg4 O-O 14. Rd1 Rfd8 15. Bh6 Bf8 16. Bg5 Be7 17. Bh6 Bf8 18. Bg5 Be7 19. d5 exd5 20. Qxd7 Rxd7 21. Bxe7 Rxe7 22. Nxd5 Nxd5 23. Rxd5 {½-½ (34) Bortnyk,O (2602)-Robson,R (2653) Saint Louis 2019}) 13. Bxc6 Qxc6 14. Be3 Be7 15. Rc1 O-O 16. Qg4 f5 17. Qe2 $146 ({Predecessor:} 17. Qg3 Rac8 18. Bf4 Nd5 19. Be5 Nf6 20. Rfd1 {1-0 (40) Kernazhitsky,L (2367)-Krebs,J (2202) Zalakaros 2001}) 17... Rac8 18. Rfd1 Qd7 19. Qf3 (19. d5 $11 Nxd5 20. Qf3) 19... Rfd8 (19... Nc4 $15 20. Rc2 b5) 20. d5 $11 Nxd5 21. Nxd5 exd5 22. Rxc8 Rxc8 23. Rxd5 Qe6 24. Qd1 Bf6 25. g3 h6 26. Qb3 Kh7 27. Qxb7 Rc2 {[#] aiming for ...f4.} 28. Qd7 (28. Qb3 {is interesting.} Rxb2 29. Qd3 Rxa2 30. Rxf5 Ra1+ 31. Kg2) 28... Qxd7 29. Rxd7 Rxb2 {[%mdl 4096] Endgame KRB-KRB} 30. Rd2 Rb1+ 31. Kg2 Rb5 32. Rc2 Rb1 33. Rc5 {With the idea Ra5.} Rb2 $2 (33... Rb5 $1 $11 {and Black is okay.}) 34. Ra5 $18 ({Not} 34. Rxf5 Rxa2 35. Kf3 Kg6 $11) 34... Kg6 35. Rxa6 Kf7 36. a4 {[%cal Ba2a4,Ba4a5,Ba5a6,Ba6a7][%mdl 32]} Ra2 37. a5 Ra4 38. Ra8 Bd4 39. Bxd4 Rxd4 {KR-KR} 40. a6 Rd3 41. a7 Ra3 42. Kf1 Ra2 43. Ke1 Kg6 44. Kd1 Kg5 {If Black can now play ...Kg4 this consolidates a bit.} 45. h3 Kg6 46. Kc1 Kf7 47. Kb1 Ra6 48. Kb2 Kg6 49. Kb3 Kf7 50. Kb4 Ra1 51. Kb5 Kg6 52. Kb6 Rb1+ 53. Kc6 Ra1 54. f4 Rc1+ 55. Kd5 Ra1 56. g4 fxg4 57. hxg4 Ra5+ (57... Kf7 {was called for.} 58. Kd6 Rd1+ 59. Ke5 Re1+ 60. Kd4 Ra1) 58. Ke4 (58. Ke6 $142) 58... Ra4+ 59. Kf3 Ra3+ 60. Ke4 {Kd5 is the strong threat.} Ra4+ $1 61. Kd5 (61. Kd3 $142) 61... Ra5+ $1 62. Kc6 {[#] Hoping for Kb6.} Ra1 63. Kd6 Ra6+ (63... Kf7 {was worth a try.} 64. Kc7 Rc1+ 65. Kb7 Rb1+ 66. Ka6 Ra1+ 67. Kb7 Rb1+ 68. Kc8 Ra1) 64. Ke7 Ra4 65. f5+ Kh7 66. f6 (66. Kd7 $18 {has better winning chances.}) 66... gxf6 $16 {intending ...h5.} 67. Kxf6 (67. Kd7 $16) 67... Rf4+ {The position is equal.} 68. Ke6 {White threatens Rc8 and mate.} Re4+ 69. Kf5 {Intending Rh8+! and mate.} Ra4 70. Ke5 {Threatens to win with Kd6.} Ra5+ 71. Kf6 {And now Ke7 would win.} Ra6+ 72. Ke7 {Black must now prevent Kf7.} Kg7 73. Kd7 {Accuracy: White = 64%, Black = 66%.} 1/2-1/2

[Event "Portugal Open 2020"]
[Site "Lisbon"]
[Date "2020.01.26"]
[Round "3.30"]
[White "Guia, Artur Solovyov Eloy"]
[Black "Palozza, Christian"]
[Result "0-1"]
[WhiteElo "1928"]
[BlackElo "2198"]
[Annotator "TA"]
[PlyCount "98"]
[EventDate "2020.01.25"]
[EventType "swiss"]
[EventCountry "POR"]
[SourceTitle "playchess.com"]
[Source "ChessBase"]
[SourceQuality "1"]

{[%evp 16,98,15,5,40,17,56,14,26,-20,0,0,10,10,10,10,24,16,37,-8,0,0,0,-9,22,0,0,-6,0,0,0,-12,-2,-11,-10,-6,0,-10,0,-215,-217,-208,-210,-206,-189,-282,-256,-249,-248,-282,-277,-383,-376,-691,-691,-691,-678,-632,-614,-576,-585,-637,-637,-625,-631,-630,-630,-647,-632,-655,-655,-648,-648,-648,-648,-648,-648,-641,-641,-622,-615,-615,-614,-598,-597]} 1. e4 c6 2. d4 d5 3. Nd2 dxe4 4. Nxe4 Nf6 5. Nxf6+ exf6 6. Nf3 Bd6 7. Bd3 O-O 8. O-O Bg4 9. h3 Be6 {B15: Caro-Kann: 3 Nc3: 3...g6 and 3...dxe4 4 Nxe4 Nf6 5 Nxf6+ exf6} (9... Bh5 10. Be4 Re8 11. Qd3 Bg6 12. Bxg6 hxg6 13. Bd2 Nd7 14. Rfe1 Qc7 15. c4 f5 16. Bg5 b6 17. a3 {½-½ (51) Karthikeyan,M (2617)-Shtembuliak,E (2577) New Delhi 2019}) 10. c3 Nd7 11. Be3 $146 ({Predecessor:} 11. Qc2 g6 12. Bh6 Re8 13. Rad1 Qa5 14. g4 Rad8 15. c4 Bb8 16. b3 b5 17. Kg2 {0-1 (30) Tonkov,B (2322)-Nenkov,L (2309) Sunny Beach 2012}) 11... Re8 {The position is equal.} 12. Qd2 a5 13. Bf4 Qc7 14. Bxd6 Qxd6 15. Rfe1 Red8 16. Qc2 Nf8 17. Bf5 (17. a4 {is interesting.} Ng6 18. h4 Qd5 19. Re3 Re8 20. Rae1) 17... Qd5 18. Bxe6 Nxe6 19. Qe4 Qc4 20. Qe2 Qd5 21. Qe4 Qb5 22. Qe2 Qb6 23. Qc2 Rd7 24. Qb3 Qc7 25. a4 Rad8 26. Rad1 $1 Rd5 27. Re4 $2 {[#]} (27. c4 $11 R5d6 28. Rd2) 27... Nc5 $1 $19 {[%cal Rc5b3][%mdl 576] Double Attack, Pin} 28. Qc2 (28. dxc5 Rxd1+) 28... Nxe4 29. Qxe4 R5d6 30. Re1 (30. Qd3 {was necessary.}) 30... Re6 31. Qb1 Qd6 32. Nd2 Rde8 33. Rxe6 Qxe6 {[%mdl 4096] Endgame KQR-KQN} 34. Qd1 $2 (34. Qf1) 34... Qe1+ {Black is clearly winning.} 35. Qxe1 Rxe1+ {KR-KN} 36. Kh2 Re2 37. Nc4 Rxf2 38. b3 Rc2 39. Nxa5 b6 40. Nxc6 Rxc3 {[%mdl 64] [#] Double Attack} 41. d5 Rxb3 42. d6 {White wants to play d7.} Rd3 43. Ne7+ Kf8 44. Nc8 Ke8 45. Nxb6 Rxd6 46. a5 Rd3 47. Nc4 Rc3 48. Nd6+ Kd7 49. Nb5 Rc5 {Accuracy: White = 34%, Black = 61%.} 0-1

[Event "Portugal Open 2020"]
[Site "Lisbon"]
[Date "2020.01.26"]
[Round "3.31"]
[White "Saltao, Joao Miguel Ramos"]
[Black "Krzywda, Andrzej"]
[Result "0-1"]
[WhiteElo "1912"]
[BlackElo "2178"]
[Annotator "TA"]
[PlyCount "92"]
[EventDate "2020.01.25"]
[EventType "swiss"]
[EventCountry "POR"]
[SourceTitle "playchess.com"]
[Source "ChessBase"]
[SourceQuality "1"]

{[%evp 13,100,0,13,10,30,13,14,7,26,0,-4,-49,-44,-43,-41,-44,-17,-26,-5,-11,-8,-20,0,7,0,-32,7,7,14,-14,0,0,0,4,31,0,0,0,0,-28,0,-44,21,-9,0,-13,-13,-6,-7,-45,-39,-45,-58,-55,-55,-158,-146,-153,-147,-179,-151,-454,-449,-1587,-1550,-1439,-1483,-1412,-1387,-971,-383,-356,-340,-12833,-12834,-12834,-12835,-12835,-376,-361,0,-12835,-12835,-12835,-12836,-29989,-29989,-29993,-29994]} 1. Nf3 Nf6 2. c4 g6 3. g3 Bg7 4. Bg2 O-O 5. Nc3 d6 6. O-O e5 7. d3 h6 8. Qc2 {A24: English Opening vs King's Indian: Lines without ...Nc6} Re8 9. b4 c6 10. Bb2 {The position is equal.} d5 $146 ({Predecessor:} 10... Nbd7 11. Rfe1 Nf8 12. h3 Bd7 13. a4 Rc8 14. Nd2 d5 15. b5 Ne6 16. e3 {0-1 (37) Schrodt,S (1955)-Maze,S (2628) Helsingor 2018}) 11. Rfd1 d4 12. Ne4 Nxe4 13. dxe4 Qe7 14. c5 Na6 15. a3 Bg4 16. h3 Bxf3 17. exf3 Rad8 18. Bf1 Nc7 19. a4 Ne6 20. a5 a6 21. Ra3 h5 22. Bc1 h4 23. Bc4 Bf6 24. Kg2 hxg3 25. fxg3 Kg7 26. Rh1 Rh8 27. Qb3 Nc7 (27... Bg5 $15 28. Bxe6 Bxc1 29. Rxc1 fxe6) 28. Qd3 Nb5 29. Bxb5 axb5 30. Bd2 Qe6 31. g4 Qe7 32. a6 bxa6 33. Rxa6 Ra8 34. Rha1 (34. Qa3 $15 Rxa6 35. Qxa6) 34... Rxa6 $17 35. Rxa6 {[#]} Bg5 $1 {[%cal Rg5d2]} 36. f4 exf4 {Hoping for ...f3+!} 37. Qxd4+ $2 (37. Qf3 $17) 37... Bf6 $19 38. e5 {[#]} (38. Qd3 $142 Rd8 39. Qe2) 38... f3+ $1 {[%mdl 512]} 39. Kxf3 Bxe5 40. Qe4 Rxh3+ 41. Ke2 Rh2+ $2 (41... Qf6 {...Rh2+ is the strong threat.} 42. Ra2 Kh7) 42. Kd1 Qe6 {( -> ...Qb3+)} 43. Qf3 $2 {[#]} (43. Ra3 Rh4 44. Re3) 43... Qd7 $1 {[%csl Gh2][%cal Rd7d2]} 44. Ra2 Qd4 45. g5 Rf2 $2 (45... Qg1+ 46. Kc2 Qxg5) 46. Qh3 {[#] Intending Qh6+ and mate.} Qd8 {Played: Rf2-h2} 0-1

[Event "Portugal Open 2020"]
[Site "Lisbon"]
[Date "2020.01.26"]
[Round "3.32"]
[White "Goncalves, Gabriel Sobral"]
[Black "Arizmendi Martinez, Julen Luis"]
[Result "0-1"]
[WhiteElo "1888"]
[BlackElo "2505"]
[Annotator "TA"]
[PlyCount "64"]
[EventDate "2020.01.25"]
[EventType "swiss"]
[EventCountry "POR"]
[SourceTitle "playchess.com"]
[Source "ChessBase"]
[SourceQuality "1"]

{[%evp 9,64,-16,-22,-40,-6,-17,-12,-20,-24,-22,-14,-36,-23,-10,-6,-16,-20,-46,-47,-31,-31,-89,-96,-84,-82,-101,-85,-126,-126,-135,-126,-138,-131,-246,-235,-245,-234,-223,-211,-247,-245,-236,-235,-313,-299,-346,-338,-400,-447,-597,-584,-653,-647,-919,-882,-1598,-1035]} 1. f4 d5 2. Nf3 g6 3. e3 Bg7 4. Be2 c5 5. O-O Nc6 6. Bb5 {A03: Bird's Opening with 1...d5} (6. d3 Nf6 7. Ne5 Qc7 8. Nxc6 bxc6 9. Nc3 O-O 10. e4 Ba6 11. Kh1 c4 12. Qe1 cxd3 13. cxd3 e6 14. Be3 Rfd8 {1-0 (31) Adhiban,B (2655)-Eljanov,P (2711) Riadh 2017}) 6... Qb6 7. a4 a6 8. Bxc6+ {The position is equal.} Qxc6 $146 ({Predecessor:} 8... bxc6 9. a5 Qc7 10. d3 Rb8 11. c3 Bf5 12. Nh4 Nh6 13. Nxf5 Nxf5 {0-1 (35) Hemmers,D (1819)-Busch,C (2151) Goch 2012}) 9. d3 b6 10. c3 Bf5 11. Re1 c4 12. dxc4 Qxc4 13. Nd4 Bxb1 14. Rxb1 Nf6 15. Nf3 (15. b3 $15 Qc7 16. Ba3) 15... O-O $36 {[%mdl 2048] Black is on the roll.} 16. Ra1 Ne4 17. Nd2 Qc6 18. Nxe4 dxe4 19. Bd2 Rfd8 20. Qc2 Rd3 21. Rad1 (21. Re2 $17) 21... Rad8 22. Bc1 Qd7 23. Rxd3 exd3 24. Qd2 Qxa4 25. e4 a5 {[%cal Ba6a5,Ba5a4][%mdl 32]} 26. Re3 Qb5 27. e5 e6 28. Kf1 Bf8 29. Rh3 {Black is clearly winning.} Qc4 30. Rf3 a4 31. g4 b5 32. f5 Qxg4 {[%mdl 64] Double Attack. Accuracy: White = 22%, Black = 74%.} 0-1

[Event "Portugal Open 2020"]
[Site "Lisbon"]
[Date "2020.01.26"]
[Round "3.33"]
[White "Stella, Andrea"]
[Black "Julio, Joao Manuel dos Sant"]
[Result "1-0"]
[WhiteElo "2465"]
[BlackElo "2082"]
[Annotator "TA"]
[PlyCount "30"]
[EventDate "2020.01.25"]
[EventType "swiss"]
[EventCountry "POR"]
[SourceTitle "playchess.com"]
[Source "ChessBase"]
[SourceQuality "1"]

{[%evp 10,30,13,-3,32,33,50,50,92,87,76,77,78,93,86,92,169,176,180,176,717,685,1645]} 1. Nf3 d5 2. g3 g6 3. Bg2 Bg7 4. d4 Nf6 5. c4 c6 6. Qb3 Nbd7 {D73: Fianchetto Grünfeld: 5 Nf3} (6... O-O 7. O-O Qb6 8. Nc3 Rd8 9. Bd2 Be6 10. Na4 Qxb3 11. axb3 Nbd7 12. Rfc1 Ne4 13. Bb4 Kf8 14. e3 h6 15. Nd2 a5 16. Nxe4 dxe4 {1-0 (65) Mamedyarov,S (2772)-Duda,J (2758) Moscow 2019}) 7. cxd5 cxd5 8. Nc3 Qb6 $146 {White is slightly better.} ({Predecessor:} 8... Nb6 9. a4 O-O 10. O-O Ne4 11. Ne5 Nxc3 12. bxc3 f6 13. a5 fxe5 14. axb6 {1-0 (37) Garavito,M (2230)-Martinez,M (2018) Medellin 2010}) 9. Nxd5 Nxd5 10. Qxd5 Qb4+ 11. Bd2 Qxb2 12. O-O e6 (12... O-O $16) 13. Qd6 Qb6 {[#]} 14. Qa3 $1 Bxd4 $2 (14... Qa6 15. Qxa6 bxa6) 15. Nxd4 $18 Qd8 1-0

[Event "Portugal Open 2020"]
[Site "Lisbon"]
[Date "2020.01.26"]
[Round "3.34"]
[White "Twardowski, Hubert"]
[Black "Loeffler, Stefan"]
[Result "0-1"]
[WhiteElo "1875"]
[BlackElo "2376"]
[Annotator "TA"]
[PlyCount "80"]
[EventDate "2020.01.25"]
[EventType "swiss"]
[EventCountry "POR"]
[SourceTitle "playchess.com"]
[Source "ChessBase"]
[SourceQuality "1"]

{[%evp 18,100,54,11,58,66,68,27,32,5,20,17,28,14,55,-51,22,-87,-72,-81,-82,-150,-145,-205,-49,-83,-45,-45,-48,-47,-45,-46,-38,-33,-27,-56,-54,-54,-59,-98,-93,-99,-74,-100,-95,-89,-71,-67,-51,-106,-104,-119,-58,-126,-130,-154,-158,-137,-136,-142,-78,-271,-280,-247,-241,-229,-230,-215,-216,-209,-195,-29976,-29964,-29983,-6418,-29984,-5911,-29987,-29988,-29988,-29989,-29991,-29990,-29990,-29991]} 1. e4 c5 2. Nf3 Nc6 3. d4 cxd4 4. Nxd4 Qb6 5. Nb3 Nf6 6. Nc3 e6 7. Be3 Qc7 8. a3 a6 9. Be2 b5 10. O-O b4 {B33: Sicilian: Pelikan and Sveshnikov Variations} (10... Ne5 11. f4 Nc4 12. Bxc4 bxc4 13. e5 cxb3 14. exf6 Bb7 15. fxg7 Bxg7 16. cxb3 Bxc3 17. bxc3 Rg8 18. Ra2 Qxc3 {0-1 (43) Yu,K (2375)-Naiditsch,A (2698) Jiangmen 2018}) 11. axb4 Bxb4 12. Na4 $146 ({Predecessor:} 12. f3 Bxc3 13. bxc3 d6 14. Qd2 O-O 15. Rfd1 d5 16. exd5 Nxd5 17. Bf2 Ne5 18. Nc5 {0-1 (44) Kabanova,I (1954)-Fatalibekova,E (2242) Acqui Terme 2015}) 12... Rb8 {White has an edge.} 13. Bd3 d5 14. exd5 Nxd5 15. Bc5 Ne5 16. f4 (16. Be4 $14) 16... Nxf4 (16... Nxd3 $15 17. Qxd3 Nxf4) 17. Be4 (17. Rxf4 $11 {was the only way to keep the balance.} Nxd3 18. Rxb4 Nxb4 19. Bd6 Qa7+ 20. Nbc5) 17... Nd7 18. Bxb4 Rxb4 19. Qf3 (19. Qe1 $142 a5 20. Rf2) 19... g5 20. Bc6 (20. Qe3 $17) 20... Bb7 $2 ({Black should try} 20... O-O $19 21. Bxd7 Bxd7) 21. Bxb7 $15 Qxb7 (21... Rxb7 {keeps more tension.} 22. Nc3 O-O 23. Rxa6 h6 24. g3 Rb6) 22. Qxb7 Rxb7 23. Nc3 Rb6 24. Ra5 f5 25. Rfa1 Nb8 26. Na4 Rd6 27. Nac5 Kf7 28. Nxa6 Nc6 29. R5a4 Ne5 30. Nac5 Rhd8 31. Re1 Rd1 32. Ra1 Rxa1 33. Nxa1 ({White should play} 33. Rxa1 $15 Kf6 34. g3 Nh3+ 35. Kf1) 33... Kf6 $17 {Threatens to win with ...Rd2.} 34. Nab3 g4 (34... Rd6 $17) 35. Kf2 {[#]} (35. Ra1 $15) 35... Nc4 $1 36. Rb1 e5 37. Ra1 Nxb2 38. Ra6+ Kf7 ({Better is} 38... Kg7 39. g3 Nh3+ 40. Ke2 Ng5) 39. Rh6 $2 (39. Nb7 $17 Nd1+ 40. Ke1 Nxg2+ 41. Ke2) 39... Nd1+ $19 40. Kg1 Kg7 {Played: Nd1-e3} 0-1

[Event "Portugal Open 2020"]
[Site "Lisbon"]
[Date "2020.01.26"]
[Round "3.35"]
[White "Morais, Vitor"]
[Black "Baba, Masahiro"]
[Result "0-1"]
[WhiteElo "1864"]
[BlackElo "2274"]
[Annotator "NA RC"]
[PlyCount "50"]
[EventDate "2020.01.25"]
[EventType "swiss"]
[EventCountry "POR"]
[SourceTitle "playchess.com"]
[Source "ChessBase"]
[SourceQuality "1"]
[TimeControl "5400+30"]

1. c4 {[%emt 0:00:00]} e5 {[%emt 0:00:00]} 2. Nc3 {[%emt 0:00:00]} Nc6 {[%emt 0:00:00]} 3. g3 {[%emt 0:00:00]} Bc5 {[%emt 0:00:26]} 4. Bg2 {[%emt 0:00:01]} d6 {[%emt 0:00:54]} 5. e3 {[%emt 0:00:09]} a6 {[%emt 0:01:28]} 6. Nge2 {[%emt 0:00:05] A25: English Opening vs King's Indian with ...Nc6 but without early d3} h5 {[%emt 0:01:15]} (6... Ba7 7. O-O h5 8. d4 h4 9. c5 hxg3 10. hxg3 Nge7 11. cxd6 Qxd6 12. dxe5 Qxe5 {0-1 (25) Guseinov,G (2666)-Nihal,S (2612) Moscow 2019}) 7. h4 $146 {[%emt 0:00:30]} ({Predecessor:} 7. d4 Ba7 8. h4 {0-1 (44) Schoene,R (2279)-Meskovs,N (2524) Deizisau 2017}) 7... Nf6 {[%emt 0:02:18]} 8. d4 {[%emt 0:00:10]} Ba7 {[%emt 0:00:48]} 9. b3 {[%emt 0:01:03]} Bg4 {[%emt 0:10:31]} 10. Qd2 {[%emt 0:00:23]} O-O {[%emt 0:03:17]} 11. d5 {[%emt 0:00:20]} Ne7 {[%emt 0:00:49]} 12. Bb2 {[%emt 0:00:13]} Rb8 {[%emt 0:02:12]} 13. O-O {[%emt 0:01:05]} Qd7 {[%emt 0:04:29]} 14. Rae1 {[%emt 0:04:06]} Bh3 {[%emt 0:05:59]} 15. Nc1 {[%emt 0:00:57]} b5 {[%emt 0:02:07]} 16. cxb5 {[%emt 0:00:12]} axb5 {[%emt 0:00:04]} 17. e4 {[%emt 0:00:12]} Nh7 {[%emt 0:03:06]} 18. Kh2 {[%emt 0:00:31]} Bxg2 {[%emt 0:02:00]} 19. Kxg2 {[%emt 0:00:10]} b4 {[%emt 0:11:35]} 20. Nd1 {[%emt 0:01:44] [#]} f5 $1 {[%emt 0:03:10]} 21. f4 {[%emt 0:02:52]} Nf6 {[%emt 0:06:10]} 22. exf5 $19 Nxf5 {[%emt 0:05:43]} 23. fxe5 {[%emt 0:00:44]} Nxh4+ {[%emt 0:02:55]} 24. gxh4 {[%emt 0:00:25]} Qg4+ {[%emt 0:00:19]} 25. Kh1 {[%emt 0:00:17]} Ne4 {[%emt 0:01:03]} 0-1

[Event "Portugal Open 2020"]
[Site "Lisbon"]
[Date "2020.01.26"]
[Round "3.36"]
[White "Rodriguez Lopez, Rafael"]
[Black "Pipiras, Filipa Fortuna"]
[Result "1-0"]
[WhiteElo "2212"]
[BlackElo "1876"]
[Annotator "TA"]
[PlyCount "119"]
[EventDate "2020.01.25"]
[EventType "swiss"]
[EventCountry "POR"]
[SourceTitle "playchess.com"]
[Source "ChessBase"]
[SourceQuality "1"]

{[%evp 26,119,59,43,38,26,94,72,60,37,31,0,0,0,0,-41,-60,-56,-33,-37,-30,-42,10,10,17,16,16,16,16,22,16,16,16,9,37,35,47,37,92,73,75,64,72,39,99,0,0,0,0,0,8,8,18,10,18,4,21,9,203,207,200,200,200,170,200,200,313,306,566,532,759,616,1910,1852,1424,1403,1935,1366,12834,9938,29979,29980,29980,29981,29981,29982,29982,29983,29983,29984,29984,29985,29985,29986,29986,12842]} 1. e4 e5 2. Nf3 Nc6 3. Bb5 a6 4. Ba4 Nf6 5. O-O Be7 6. Re1 b5 7. Bb3 O-O 8. h3 d6 9. c3 Bb7 10. d4 Re8 11. Nbd2 {[%cal Bb1d2,Bd2f1,Bf1g3][%mdl 32]} h6 12. Nf1 Bf8 13. Ng3 g6 14. a4 Na5 {C93: Closed Ruy Lopez: Smyslov Variation} 15. Bc2 b4 $146 (15... exd4 $11 16. cxd4 c5) ({Predecessor:} 15... exd4 16. cxd4 c5 17. h4 cxd4 18. h5 g5 19. Nxd4 d5 20. e5 Ne4 21. axb5 axb5 22. e6 fxe6 23. Nxe4 dxe4 24. Nxb5 {½-½ (86) Gazik,V (2498)-Kazakovskiy,V (2485) St Petersburg 2019}) 16. cxb4 {dxe5 is the strong threat.} Nc6 {White is better.} 17. dxe5 (17. Bb3 {keeps more tension.} Nxd4 18. Nxd4 exd4 19. Qxd4 d5 20. e5) 17... dxe5 18. Qxd8 (18. Qe2 {is more complex.} Nxb4 19. Rd1 Qe7 20. Bb3 Rad8 21. Bd2) 18... Rexd8 19. Bd2 Nxb4 20. Bxb4 Bxb4 21. Red1 Rxd1+ 22. Rxd1 Re8 23. Ne1 Bxe1 (23... Bc5 $15) 24. Rxe1 $11 Rd8 25. Re3 Rd6 26. Rc3 Rc6 27. Rxc6 Bxc6 {[%mdl 4096] Endgame KBN-KBN} 28. f3 Nd7 29. b4 Nb6 30. a5 Nd7 31. Bd3 Bb7 (31... Nb8 $1 $14) 32. Ne2 Kf8 33. Nc3 Ke7 34. Bc4 c5 (34... Nb8 $14) 35. bxc5 (35. b5 $1 $16 {[%cal Rb5a6]} Nb8 36. Kf2) 35... Nxc5 36. Kf2 Bc6 37. Nd5+ Kf8 38. Nb4 Bb7 39. Ke3 Ke7 40. h4 Kf8 41. g4 g5 $2 (41... f6 $11) 42. h5 $1 $18 Ke7 43. Kd2 $1 f6 44. Kc3 Kd6 {[#]} 45. Nc2 $1 Bc8 {[#]} (45... Ne6 {is a better defense.} 46. Bxe6 Kxe6) 46. Ne3 $1 Kc6 $2 (46... Be6 {might work better.} 47. Bxe6 Nxe6 48. Nf5+ Kc5 49. Nxh6 Nf8) 47. Nd5 Nd7 48. Nb4+ Kd6 49. Bxa6 Bxa6 50. Nxa6 {KN-KN} Kc6 51. Kb4 Nf8 52. Nc5 Kc7 53. Kb5 {White mates.} Kb8 54. Kc6 Kc8 55. Kd6 Nh7 56. Ke7 Kc7 57. Kf7 Kc6 58. a6 Kb6 59. Kg7 Ka7 60. Kxh7 {Accuracy: White = 72%, Black = 32%.} 1-0

[Event "Portugal Open 2020"]
[Site "Lisbon"]
[Date "2020.01.26"]
[Round "3.37"]
[White "Leao, Tiago Miguel Da Silv"]
[Black "Santos, Jose Guilherme B Lim"]
[Result "0-1"]
[WhiteElo "2136"]
[BlackElo "2211"]
[Annotator "TA"]
[PlyCount "56"]
[EventDate "2020.01.25"]
[EventType "swiss"]
[EventCountry "POR"]
[SourceTitle "playchess.com"]
[Source "ChessBase"]
[SourceQuality "1"]

{[%evp 21,56,0,0,-25,-13,-33,29,16,23,6,35,13,8,-1,0,-28,-17,-26,-42,-212,-188,-185,-197,-201,-196,-186,-198,-421,-421,-547,-418,-424,-416,-422,-412,-408,-366]} 1. e4 c5 2. c4 Nc6 3. Nc3 g6 4. g3 Bg7 5. Bg2 e6 6. Nge2 Nge7 7. a3 O-O 8. d3 b6 9. Rb1 Bb7 10. O-O d6 11. b4 Qd7 12. h4 {A36: Symmetrical English vs ...g6: 4 Bg2 Bg7} (12. Be3 Nd4 13. Qd2 Rac8 14. Bh6 Bxh6 15. Qxh6 f5 16. Qe3 Nxe2+ 17. Nxe2 cxb4 18. axb4 fxe4 19. Bxe4 Bxe4 20. Qxe4 d5 21. Qg4 {½-½ (35) Rodshtein,M (2684)-Grandelius,N (2691) Batumi 2019}) 12... Nd4 13. Nf4 $146 ({Predecessor:} 13. Nxd4 cxd4 14. Ne2 d5 15. exd5 exd5 16. c5 bxc5 17. bxc5 Ba6 18. Bb2 Qb5 19. Bxd4 Qxd3 20. Bxg7 Kxg7 {½-½ (89) Chelushkina,I (2357)-Sgircea,S (2226) Vratsa 2009}) 13... cxb4 (13... Nec6 $15) 14. axb4 $11 {White has an edge.} b5 15. Nce2 Rac8 16. Nxd4 Bxd4 17. cxb5 Qxb5 18. Bh3 d5 $36 {[%mdl 2048] Black is pushing.} 19. Nxe6 fxe6 20. Bh6 $2 {[#]} (20. Bxe6+ $15 Kg7 21. Bxc8 Rxc8 22. Bb2 Bxb2 23. Rxb2) 20... Rf6 21. Bg5 Rcf8 {[%cal Rf6f2]} 22. Bxf6 Rxf6 23. Kh2 e5 ({Stronger than} 23... Bxf2 24. e5 $11) 24. f4 $2 {[#]} (24. Qc2 {might work better.}) 24... dxe4 $19 25. fxe5 Qxe5 26. Rxf6 Qxf6 27. Qf1 e3 28. Qxf6 Bxf6 {Accuracy: White = 21%, Black = 56%.} 0-1